Catálogo público

Anuario estadístico de la FAO : (Record no. 91934)

MARC details
000 -CABECERA
campo de control de longitud fija 01768nam a22004817a 4500
001 - NÚMERO DE CONTROL
campo de control 000095468
003 - IDENTIFICADOR DEL NÚMERO DE CONTROL
campo de control CHAP
005 - FECHA Y HORA DE LA ÚLTIMA TRANSACCIÓN
campo de control 20240523084134.0
008 - DATOS DE LONGITUD FIJA--INFORMACIÓN GENERAL
campo de control de longitud fija 060328d2005 it rn 00110 spa d
010 ## - NÚMERO DE CONTROL DE LA BIBLIOTECA DEL CONGRESO
Número de control de LC 91934
011 ## - ENLACE DEL NUMERO DE CONTROL DE LA BIBLIOTECA DEL CONGRESO [OBSOLETO]
Número de control de LC 92906
020 ## - NÚMERO INTERNACIONAL ESTÁNDAR DEL LIBRO
Número Internacional Estándar del Libro 92-5-005151-4
020 ## - NÚMERO INTERNACIONAL ESTÁNDAR DEL LIBRO
Número Internacional Estándar del Libro 9250053983
035 ## - NÚMERO DE CONTROL DEL SISTEMA
Número de control de sistema 103473
040 ## - FUENTE DE LA CATALOGACIÓN
Centro/agencia transcriptor CHAP
082 04 - NÚMERO DE LA CLASIFICACIÓN DECIMAL DEWEY
Número de clasificación 630.83
Número de documento/Ítem F30c 2004
110 2# - ENTRADA PRINCIPAL--NOMBRE DE ENTIDAD CORPORATIVA
Nombre de entidad corporativa o nombre de jurisdicción como elemento de entrada FAO
245 10 - MENCIÓN DE TÍTULO
Título Anuario estadístico de la FAO :
Resto del título 2004 /
Mención de responsabilidad, etc. por FAO.
300 ## - DESCRIPCIÓN FÍSICA
Extensión 2 v. :
Otras características físicas gráfs. + 1 disco compacto 3 1/4 plgs.
500 ## - NOTA GENERAL
Nota general Ed. cuatriligüe (ingles, frances, español, japones)
500 ## - NOTA GENERAL
Nota general Sust. a : Boletín de estadísticas de la FAO, Anuarios de producción, comercio y fertilizantes
650 14 - PUNTO DE ACCESO ADICIONAL DE MATERIA--TÉRMINO DE MATERIA
Término de materia o nombre geográfico como elemento de entrada Agricultura
Subdivisión general Estadisticas.
9 (RLIN) 1417
650 14 - PUNTO DE ACCESO ADICIONAL DE MATERIA--TÉRMINO DE MATERIA
Término de materia o nombre geográfico como elemento de entrada Alimentos
Subdivisión general Abastecimiento
-- Estadisticas.
9 (RLIN) 4128
650 14 - PUNTO DE ACCESO ADICIONAL DE MATERIA--TÉRMINO DE MATERIA
Término de materia o nombre geográfico como elemento de entrada Fertilizantes
Subdivisión general Estadísticas.
9 (RLIN) 40564
650 14 - PUNTO DE ACCESO ADICIONAL DE MATERIA--TÉRMINO DE MATERIA
Término de materia o nombre geográfico como elemento de entrada Productos agrícolas
Subdivisión general Estadísticas.
9 (RLIN) 91939
650 14 - PUNTO DE ACCESO ADICIONAL DE MATERIA--TÉRMINO DE MATERIA
Término de materia o nombre geográfico como elemento de entrada Productos agrícolas
Subdivisión general Mercadeo.
9 (RLIN) 91951
650 14 - PUNTO DE ACCESO ADICIONAL DE MATERIA--TÉRMINO DE MATERIA
Término de materia o nombre geográfico como elemento de entrada Productos pecuarios
Subdivisión general Mercadeo.
942 ## - ELEMENTOS DE PUNTO DE ACCESO ADICIONAL (KOHA)
Tipo de ítem Koha CD
Fuente del sistema de clasificación o colocación Dewey Decimal Classification
942 ## - ELEMENTOS DE PUNTO DE ACCESO ADICIONAL (KOHA)
Suprimir en OPAC 0
Fuente del sistema de clasificación o colocación Dewey Decimal Classification
260 ## - PUBLICACIÓN, DISTRIBUCIÓN, ETC.
Lugar de publicación, distribución, etc. Roma :
Nombre del editor, distribuidor, etc. FAO,
Fecha de publicación, distribución, etc. 2005.
590 ## - NOTA LOCAL (RLIN)
Nota local Anuario estadístico de la FAO.
Procedencia (VM) [OBSOLETO] 10
Condición del los carretes individuales (VM) [OBSOLETO] 20130110
590 ## - NOTA LOCAL (RLIN)
Nota local BATCH-UPD
Procedencia (VM) [OBSOLETO] 10
Condición del los carretes individuales (VM) [OBSOLETO] 20130410
590 ## - NOTA LOCAL (RLIN)
Nota local BATCH-UPD
Procedencia (VM) [OBSOLETO] 10
Condición del los carretes individuales (VM) [OBSOLETO] 20130914
590 ## - NOTA LOCAL (RLIN)
Nota local CONVERSION
Procedencia (VM) [OBSOLETO] 10
Condición del los carretes individuales (VM) [OBSOLETO] 20130109
590 ## - NOTA LOCAL (RLIN)
Nota local E5995AHE
Procedencia (VM) [OBSOLETO] 05
Condición del los carretes individuales (VM) [OBSOLETO] 20140206
590 ## - NOTA LOCAL (RLIN)
Nota local E5995AHE
Procedencia (VM) [OBSOLETO] 05
Condición del los carretes individuales (VM) [OBSOLETO] 20140206
901 ## - ELEMENTOS DE DATOS A LOCAL LDA (RLIN)
a BK
905 ## - ELEMENTOS DE DATOS E LOCAL, LDE (RLIN)
a Lilia
949 ## - PROCESAMIENTO DE INFORMACIÓN LOCAL (OCLC)
a 630.83 F30 2004
b BC
c FAO
d 33724000984217
e FAO1
f v.2
h 107912
i 103473
m D
s b
949 ## - PROCESAMIENTO DE INFORMACIÓN LOCAL (OCLC)
a 630.83 F30 2004
b BC
c FAO
d 33724000985990
e FAO1
f v.1
g DonaciØn
h 107736
i 103473
m D
s b
949 ## - PROCESAMIENTO DE INFORMACIÓN LOCAL (OCLC)
a 630.83 F30 2004
b BC
c FAO
d 33724002026017
e CD
f v.1 CD
g DonaciØn
i 103473
m D
s b
949 ## - PROCESAMIENTO DE INFORMACIÓN LOCAL (OCLC)
a 630.83 F30 2004
b BC
c FAO
d 33724002026058
e CD
f v.2 CD
i 103473
m D
s b
Holdings
Estado de retiro Estado de pérdida Fuente del sistema de clasificación o colocación Estado dañado Restricciones de uso No para préstamo Código de colección Localización permanente Ubicación/localización actual Ubicación en estantería Fecha de adquisición Total de préstamos Signatura topográfica completa Código de barras Fecha visto por última vez Tipo de ítem Koha Nota pública Fuente de adquisición Precio válido a partir de Número de copia
    Dewey Decimal Classification   Préstamo interno   Material multimedia Biblioteca Central Biblioteca Central Planta Principal - Área de préstamo - Mat. Multimedia 31/12/2019   630.83 F30c 2004 v.2 33724002026058 31/12/2019 CD Material complementario      
    Dewey Decimal Classification   Préstamo interno   Material multimedia Biblioteca Central Biblioteca Central Planta Principal - Área de préstamo - Mat. Multimedia 17/12/2012   630.83 F30c 2004 v.1 33724002026017 31/12/2019 CD Material complementario Donacion 31/12/2019  
    Dewey Decimal Classification   Préstamo interno2   Publicaciones FAO Biblioteca Central Biblioteca Central Planta Principal - Área de préstamo - FAO 31/12/2019   630.83 F30c 2004 33724000984217 31/12/2019 Libro     31/12/2019 v.2
    Dewey Decimal Classification   Préstamo interno2   Publicaciones FAO Biblioteca Central Biblioteca Central Planta Principal - Área de préstamo - FAO 31/12/2019   630.83 F30c 2004 33724000985990 31/12/2019 Libro     31/12/2019 v.1